000 00292nam a22001337a 4500
999 _c12737
_d12737
020 _a9781285091150
082 _a515
100 _aLarson,Ron & Edwards,Bruce
245 _aMultivariable Calculus
250 _a10th
260 _aChina
_bCengage
_c2014
300 _a1156 pages
942 _cBK